All Friday Night Funkin Characters - Statistics

General Stats
  • This quiz has been taken 191 times
  • The average score is 8 of 11
Answer Stats
Songs Name % Correct
Tutorial Girlfriend
96%
Satin Panties, High, M.I.L.F. Mom
95%
Pico, Philly Nice, Blammed Pico
93%
Bopeebo, Fresh, Dad Battle Daddy Dearest
90%
Senpai, Roses Senpai
88%
Lo Fight, Overhead, Ballistic Whitty
83%
Spookeez, South Skid & Pump
76%
Winter Horrorland Monster
73%
Thorns Spirit
55%
Cocoa, Eggnog Daddy Dearest & Mom
41%
Gimme a Break, Man on Stilts, Knock Knock CG5
28%
No matching quizzes found
Score Distribution
Percent of People with Each Score
Percentile by Number Answered
Your Score History
You have not taken this quiz